[Event "V C.to Italiano a squadre femminile"]
[Site "Arvier ITA"]
[Date "2012.04.29"]
[Round "3"]
[White "Zimina, Olga"]
[Black "Matta, Francesca"]
[Result "1-0"]
[WhiteElo "2327"]
[BlackElo "1880"]
[PlyCount "95"]
[EventDate "2012.04.28"]

1. e4 c5 2. Nf3 e6 3. g3 Nc6 4. Bg2 d5 5. exd5 exd5 6. O-O Bg4 7. h3 Bh5 8. d4
Bxf3 9. Qxf3 Nxd4 10. Qd3 Nf6 11. Bg5 Be7 12. c3 Nc6 13. Bxf6 Bxf6 14. Re1+ Ne7
15. Qb5+ Qd7 16. Qxc5 O-O 17. Nd2 Rfc8 18. Qe3 Nf5 19. Qd3 Rd8 20. Rad1 Rac8
21. Nf1 g6 22. Qxd5 Qxd5 23. Bxd5 b5 24. Rd2 Ne7 25. Ne3 a5 26. Red1 Kf8 27.
Kg2 Rc7 28. Ng4 Bg7 29. Bb3 Rxd2 30. Rxd2 Nf5 31. a4 b4 32. cxb4 axb4 33. f4
Bd4 34. Ne5 f6 35. Nc4 Ba7 36. Rd8+ Ke7 37. Rh8 Rxc4 38. Bxc4 Ne3+ 39. Kf3 Nxc4
40. Rxh7+ Kd6 41. Rxa7 Nxb2 42. Rb7 Kc5 43. a5 Nc4 44. a6 Nb6 45. a7 b3 46.
Rxb6 Kxb6 47. a8=Q Kc5 48. Qa3+ 1-0

[Event "V C.to Italiano a squadre femminile"]
[Site "Arvier ITA"]
[Date "2012.04.30"]
[Round "4"]
[White "Barbiso, Tiziana"]
[Black "Miracola, Giorgia"]
[Result "1-0"]
[WhiteElo "2060"]
[BlackElo "1796"]
[PlyCount "111"]
[EventDate "2012.04.28"]

1. e4 c5 2. Nc3 Nc6 3. f4 g6 4. Nf3 Bg7 5. Bb5 Nd4 6. Bd3 e6 7. Nxd4 cxd4 8.
Nb5 d6 9. c3 dxc3 10. dxc3 a6 11. Qa4 Kf8 12. Nd4 Ne7 13. O-O d5 14. Be3 Bd7
15. Qb4 a5 16. Qxb7 Rb8 17. Qa7 Kg8 18. f5 exf5 19. exf5 Be5 20. Bf4 Ra8 21.
Qc5 Rc8 22. Qa3 Bxd4+ 23. cxd4 Nxf5 24. Rac1 h5 25. Rxc8 Bxc8 26. Qc5 Kh7 27.
Bc7 Qg5 28. Bf4 Qd8 29. Qc1 Qb6 30. Be5 Re8 31. Kh1 f6 32. Qc7+ Qxc7 33. Bxc7
Re7 34. Bxa5 Ra7 35. b4 Re7 36. Kg1 Nxd4 37. Rxf6 Bf5 38. Bf1 Ne6 39. b5 Kg7
40. Bc3 d4 41. Rxe6 Bxe6 42. Bxd4+ Kf7 43. a4 Bd5 44. a5 Ke6 45. b6 Ba8 46. a6
Kd5 47. Bf2 Kc6 48. Bd3 g5 49. Kf1 h4 50. Be2 Kd7 51. b7 Bxb7 52. axb7 Kc7 53.
Ba6 Kb8 54. g3 h3 55. g4 Re6 56. Bg3+ 1-0

[Event "V C.to Italiano a squadre femminile"]
[Site "Arvier ITA"]
[Date "2012.04.30"]
[Round "4"]
[White "Colasante, Marianna"]
[Black "Costantini, Laura"]
[Result "0-1"]
[WhiteElo "1570"]
[BlackElo "2049"]
[PlyCount "112"]
[EventDate "2012.04.28"]

1. e4 c5 2. Nc3 d6 3. f4 Nc6 4. Nf3 e6 5. Bb5 Bd7 6. O-O Nf6 7. d3 Be7 8. Bxc6
Bxc6 9. Qe1 O-O 10. b3 b5 11. Bb2 Qb6 12. Ne2 d5 13. Bxf6 Bxf6 14. e5 Be7 15.
Ng3 Bd7 16. Nh5 Qd8 17. Rd1 Kh8 18. Ra1 b4 19. c4 bxc3 20. Qxc3 d4 21. Qd2 a5
22. Ng3 a4 23. Ne4 Bc6 24. Qe2 Qb6 25. Ned2 axb3 26. axb3 Bd5 27. Rab1 Ra2 28.
Qd1 Qb4 29. Nc4 h6 30. Rf2 Rfa8 31. Rbb2 Ra1 32. Rb1 Rxb1 33. Qxb1 Bxc4 34.
dxc4 Qc3 35. Ra2 Qe3+ 36. Kf1 Rxa2 37. Qxa2 Qc1+ 38. Kf2 Qxf4 39. Qe2 Bg5 40.
Kf1 Qc1+ 41. Ne1 Bd2 42. Qe4 Bxe1 43. Qxe1 Qf4+ 44. Kg1 d3 45. Qd1 d2 46. g3
Qe3+ 47. Kf1 g6 48. Qe2 Qd4 49. Qd1 Kg7 50. Kg2 Qe4+ 51. Kf1 Qh1+ 52. Ke2 Qxh2+
53. Kf1 Qh3+ 54. Kf2 Qf5+ 55. Kg2 Qd3 56. Kf2 h5 0-1

[Event "V C.to Italiano a squadre femminile"]
[Site "Arvier ITA"]
[Date "2012.04.30"]
[Round "4"]
[White "Gueci, Tea"]
[Black "Messina, Roberta"]
[Result "0-1"]
[WhiteElo "1910"]
[BlackElo "1957"]
[PlyCount "138"]
[EventDate "2012.04.28"]

1. e4 c5 2. Nf3 d6 3. d4 cxd4 4. Nxd4 Nf6 5. Nc3 a6 6. Bc4 e6 7. Bb3 b5 8. Bg5
Be7 9. Qf3 Qb6 10. O-O-O Qb7 11. a3 Nbd7 12. Rhe1 Nc5 13. Ba2 Rb8 14. Nb3 Ncd7
15. Bf4 Ne5 16. Bxe5 dxe5 17. Qg3 Qc7 18. Qd3 O-O 19. h3 Rd8 20. Qf3 Bd7 21. g4
a5 22. Nd2 Rdc8 23. Qd3 Bxa3 24. bxa3 Qxc3 25. Qxc3 Rxc3 26. Nb1 Rc7 27. f3
Rbc8 28. Re2 h6 29. Kb2 Kf8 30. Rdd2 Ke7 31. Re3 Nh7 32. h4 Nf8 33. Nc3 b4 34.
axb4 axb4 35. Ne2 Ba4 36. Bb3 Bb5 37. Ba2 Nd7 38. h5 Nb6 39. Bb3 Bxe2 40. Rexe2
Rc3 41. Rf2 Re3 42. Rde2 Rcc3 43. Rxe3 Rxe3 44. Kc1 Nd7 45. Kd2 Rc3 46. Kd1 Nc5
47. Ba2 Nb7 48. Kc1 Na5 49. Kb2 Nc6 50. Bb3 Nd4 51. f4 Re3 52. f5 Rxe4 53. fxe6
Nxe6 54. Rg2 Nf4 55. Rg3 f6 56. c3 Ne2 57. Rg2 Nxc3 58. Bc2 Re2 59. Rg1 Nd5 60.
Kb3 Ne3 61. Bg6 Rg2 62. Rxg2 Nxg2 63. Kxb4 Ne3 64. Bf5 Nxf5 65. gxf5 Kd6 66.
Kc4 Kc6 67. Kc3 Kd5 68. Kd3 e4+ 69. Ke3 Ke5 0-1

[Event "V C.to Italiano a squadre femminile"]
[Site "Arvier ITA"]
[Date "2012.04.30"]
[Round "4"]
[White "Monticone, Sonia"]
[Black "Matta, Francesca"]
[Result "1-0"]
[WhiteElo "1865"]
[BlackElo "1880"]
[PlyCount "87"]
[EventDate "2012.04.28"]

1. e4 e5 2. Nf3 Nc6 3. Nc3 Nf6 4. Bb5 Bb4 5. O-O d6 6. d3 a6 7. Ba4 b5 8. Bb3
h6 9. a4 Rb8 10. axb5 axb5 11. Nd5 Bc5 12. Be3 O-O 13. h3 Be6 14. Nxf6+ Qxf6
15. Bxe6 Qxe6 16. Qe2 Ra8 17. c3 Bxe3 18. Qxe3 Qb3 19. Qc1 Ra2 20. Rxa2 Qxa2
21. Nd2 Ra8 22. Qc2 Na5 23. f4 Nb7 24. fxe5 dxe5 25. Nb3 Qa7+ 26. d4 Nd6 27.
Nc5 exd4 28. cxd4 Re8 29. e5 Nc4 30. Qf2 c6 31. Kh1 Qe7 32. b3 Nb6 33. Ne4 Qe6
34. Qg3 Kh8 35. Nd6 Rf8 36. Qf3 Kg8 37. Qxc6 Nd5 38. Qxb5 Ne3 39. Rf3 Nc2 40.
Qc5 Qg6 41. Nf5 Ne1 42. Ne7+ Kh7 43. Nxg6 Nxf3 44. Nxf8+ 1-0

[Event "V C.to Italiano a squadre femminile"]
[Site "Arvier ITA"]
[Date "2012.04.30"]
[Round "4"]
[White "Panella, Fiammetta"]
[Black "Gueci, Laura"]
[Result "1-0"]
[WhiteElo "2013"]
[BlackElo "1830"]
[PlyCount "69"]
[EventDate "2012.04.28"]

1. e4 c5 2. Nf3 d6 3. d4 cxd4 4. Nxd4 Nf6 5. Nc3 a6 6. f4 e6 7. Nf3 Be7 8. Bd3
Nbd7 9. a4 Nc5 10. O-O O-O 11. Kh1 Nxd3 12. cxd3 b6 13. Qe1 Bb7 14. Qg3 Rc8 15.
Be3 d5 16. e5 Nh5 17. Qf2 g6 18. Bxb6 Qd7 19. Nd4 Ng7 20. Rac1 Bb4 21. a5 Nf5
22. Nxf5 exf5 23. Qd4 Be7 24. Na4 Qb5 25. h3 h5 26. Bc5 Rc7 27. Bxe7 Rxe7 28.
Rc5 Qb3 29. Rfc1 Rd8 30. Nb6 Kh7 31. Rc7 Rde8 32. Nd7 Rxd7 33. Rxd7 Bc8 34.
Rxf7+ Kh6 35. e6 1-0

[Event "V C.to Italiano a squadre femminile"]
[Site "Arvier ITA"]
[Date "2012.04.30"]
[Round "4"]
[White "Reginato, Sabrina"]
[Black "De Rosa, Mariagrazia"]
[Result "0-1"]
[WhiteElo "1991"]
[BlackElo "2091"]
[PlyCount "62"]
[EventDate "2012.04.28"]

1. d4 Nf6 2. Nf3 c5 3. c3 g6 4. Bf4 Bg7 5. e3 O-O 6. Be2 d6 7. h3 Nc6 8. O-O
cxd4 9. exd4 Nd5 10. Bh2 e5 11. dxe5 dxe5 12. Bc4 Nb6 13. Bb3 Bf5 14. Na3 Qe7
15. Qc1 Rad8 16. Re1 Rd3 17. Bd1 Rfd8 18. Be2 R3d7 19. Bg3 Qf8 20. Nc4 Nxc4 21.
Bxc4 Na5 22. Bf1 Bh6 23. Re3 Rd1 24. Qxd1 Rxd1 25. Rxd1 Bxe3 26. fxe3 f6 27. b4
Nc6 28. Bc4+ Kg7 29. b5 Na5 30. Bd5 Qc5 31. Kf2 Nc4 0-1

[Event "V C.to Italiano a squadre femminile"]
[Site "Arvier ITA"]
[Date "2012.04.30"]
[Round "4"]
[White "Sedina, Elena"]
[Black "Fierro Baquero, Martha Lorena"]
[Result "1/2-1/2"]
[WhiteElo "2353"]
[BlackElo "2380"]
[PlyCount "64"]
[EventDate "2012.04.28"]

1. e4 c6 2. Nc3 g6 3. d4 Bg7 4. Bc4 d6 5. Qf3 e6 6. Nge2 b5 7. Bb3 a5 8. a4 b4
9. Nd1 Ba6 10. c3 Qb6 11. Bc2 Nd7 12. Bd3 Ngf6 13. Bd2 O-O 14. Bxa6 bxc3 15.
Bxc3 Qxa6 16. O-O d5 17. Ng3 dxe4 18. Nxe4 Nxe4 19. Qxe4 Nf6 20. Qc2 Nd5 21.
Ne3 Rfd8 22. Rfd1 Ra7 23. h3 Rad7 24. Ng4 h5 25. Ne5 Nxc3 26. bxc3 Bxe5 27.
dxe5 Qc4 28. Rxd7 Rxd7 29. Rb1 Qf4 30. Qe2 Rd2 31. Qe3 Rd5 32. Rb6 Rxe5 1/2-1/2

[Event "V C.to Italiano a squadre femminile"]
[Site "Arvier ITA"]
[Date "2012.04.30"]
[Round "4"]
[White "Vitale, Aurora"]
[Black "Revello, Beatrice"]
[Result "1/2-1/2"]
[WhiteElo "1416"]
[BlackElo "1674"]
[PlyCount "133"]
[EventDate "2012.04.28"]

1. e4 c5 2. Nf3 d6 3. d4 cxd4 4. Nxd4 Nf6 5. Nc3 g6 6. Be2 Bg7 7. O-O O-O 8.
Be3 Nc6 9. f4 Bd7 10. Qd2 Nxd4 11. Bxd4 Bc6 12. Bf3 Ne8 13. Bxg7 Nxg7 14. Kh1
Rc8 15. Qf2 a6 16. Rad1 Qc7 17. Qg3 Qb6 18. b3 Qa5 19. Be2 b5 20. a4 bxa4 21.
bxa4 Bxa4 22. Nd5 Qd8 23. Bxa6 Rxc2 24. Rc1 e6 25. Nc3 Rxc1 26. Rxc1 Qb6 27.
Bd3 Rc8 28. f5 Nh5 29. Qg5 Qb2 30. Ne2 Rxc1+ 31. Nxc1 Qf6 32. Qg4 Bd7 33. fxe6
Bxe6 34. Qd1 Qe5 35. Ne2 d5 36. exd5 Bxd5 37. Qc1 Be4 38. Bxe4 Qxe4 39. Qc8+
Kg7 40. Qc3+ Nf6 41. Qd2 Qb1+ 42. Ng1 Qf1 43. h3 Qa1 44. Qf4 Nh5 45. Qf3 Qe5
46. Ne2 Qa1+ 47. Kh2 Qb2 48. Kg1 Qf6 49. Qe3 Qe6 50. Qc3+ Nf6 51. Qf3 Qd5 52.
Qe3 Qd1+ 53. Kh2 h5 54. g3 Qc2 55. Kg1 Qe4 56. Qxe4 Nxe4 57. Kg2 g5 58. Kf3 f5
59. h4 Kg6 60. Ng1 Nd2+ 61. Ke3 Nf1+ 62. Kf3 Nh2+ 63. Ke3 Ng4+ 64. Kf3 Nf6 65.
Ne2 g4+ 66. Kf4 Nd5+ 67. Ke5 1/2-1/2

[Event "V C.to Italiano a squadre femminile"]
[Site "Arvier ITA"]
[Date "2012.04.30"]
[Round "4"]
[White "Zimina, Olga"]
[Black "Kachiani-Gersinska, Ketino"]
[Result "1/2-1/2"]
[WhiteElo "2327"]
[BlackElo "2319"]
[PlyCount "56"]
[EventDate "2012.04.28"]

1. e4 c6 2. d4 d5 3. Nd2 dxe4 4. Nxe4 Bf5 5. Ng3 Bg6 6. h4 h6 7. Nf3 Nd7 8. h5
Bh7 9. Bd3 Bxd3 10. Qxd3 e6 11. Bd2 Ngf6 12. O-O-O Qc7 13. Ne4 Be7 14. Nxf6+
Bxf6 15. g3 Qb6 16. Rhe1 c5 17. Bc3 cxd4 18. Bxd4 Bxd4 19. Nxd4 Nc5 20. Qb5+
Qxb5 21. Nxb5 Ke7 22. c4 Rhd8 23. Nd4 a5 24. Kc2 Kf6 25. Nb3 Rxd1 26. Rxd1 Na4
27. Rd7 Rc8 28. Rxb7 Rxc4+ 1/2-1/2

[Event "V C.to Italiano a squadre femminile"]
[Site "Arvier ITA"]
[Date "2012.05.01"]
[Round "5"]
[White "Di Primio, Eugenia"]
[Black "Vitale, Aurora"]
[Result "1-0"]
[WhiteElo "1972"]
[BlackElo "1416"]
[PlyCount "83"]
[EventDate "2012.04.28"]

1. e4 e5 2. Nf3 Nc6 3. d4 exd4 4. Nxd4 Nf6 5. Nxc6 bxc6 6. Bd3 d5 7. e5 Qe7 8.
O-O Nd7 9. Re1 g6 10. f4 Qh4 11. g3 Bc5+ 12. Kh1 Qh3 13. Bf1 Qe6 14. Nd2 h5 15.
Nf3 d4 16. Ng5 Qd5+ 17. Bg2 Qc4 18. e6 fxe6 19. Nxe6 Kf7 20. b3 Qb4 21. Bxc6 h4
22. g4 d3 23. Ng5+ Kg7 24. Bb2+ Nf6 25. Ne4 dxc2 26. Bxf6+ Kh7 27. Ng5+ Kh6 28.
Qf3 Rf8 29. Ne4 Bd4 30. g5+ Kh7 31. Bxd4 Qxd4 32. Nf6+ Kh8 33. Qe4 Qxe4+ 34.
Rxe4 Rb8 35. Re7 Rxf6 36. gxf6 Rb6 37. Rxc7 Bf5 38. Re1 Rb8 39. Bf3 Kg8 40. Kg2
Kf8 41. Kf2 Rb4 42. Ke3 1-0

[Event "V C.to Italiano a squadre femminile"]
[Site "Arvier ITA"]
[Date "2012.04.30"]
[Round "5"]
[White "Fierro Baquero, Martha Lorena"]
[Black "Monticone, Sonia"]
[Result "1-0"]
[WhiteElo "2380"]
[BlackElo "1865"]
[PlyCount "53"]
[EventDate "2012.04.28"]

1. e4 c5 2. Nf3 e6 3. d4 cxd4 4. Nxd4 a6 5. Bd3 Nf6 6. O-O Qc7 7. Qe2 d6 8. c4
Nbd7 9. b3 b6 10. Bb2 Bb7 11. Nc3 Be7 12. Rac1 Rc8 13. Rfd1 O-O 14. Kh1 Qb8 15.
f4 Rfe8 16. Re1 Nc5 17. Bb1 h6 18. e5 dxe5 19. fxe5 Nh7 20. Qg4 Rcd8 21. Rcd1
Nd7 22. Nxe6 fxe6 23. Rxd7 Bg5 24. Rxd8 Qxd8 25. Rd1 Qc7 26. Bg6 Rf8 27. Qxe6+
1-0

[Event "V C.to Italiano a squadre femminile"]
[Site "Arvier ITA"]
[Date "2012.05.01"]
[Round "5"]
[White "Gueci, Laura"]
[Black "Barbiso, Tiziana"]
[Result "1/2-1/2"]
[WhiteElo "1830"]
[BlackElo "2060"]
[PlyCount "82"]
[EventDate "2012.04.28"]

1. c4 e6 2. Nf3 Nf6 3. g3 d5 4. b3 Bd6 5. Bb2 O-O 6. Bg2 Nbd7 7. O-O b6 8. d3
Bb7 9. Nbd2 c5 10. cxd5 exd5 11. d4 Re8 12. Rc1 Rc8 13. Re1 Ne4 14. dxc5 Ndxc5
15. Nd4 g6 16. N2f3 Qe7 17. Nb5 Bb8 18. Qd4 f6 19. Bh3 Rcd8 20. Nc3 Ne6 21. Qd3
N6g5 22. Nxg5 Nxg5 23. Bg2 d4 24. Qc4+ Kg7 25. Nd5 Qd6 26. Nf4 Bxg2 27. Kxg2
Qd7 28. Qc6 Qf5 29. Nd3 Qg4 30. e3 Qh3+ 31. Kg1 Qf5 32. Red1 dxe3 33. fxe3 Ne4
34. Nf4 Bxf4 35. exf4 Rxd1+ 36. Rxd1 Qc5+ 37. Qxc5 Nxc5 38. Rd2 Re1+ 39. Kf2
Rh1 40. Kg2 Re1 41. Kf2 Rh1 1/2-1/2

[Event "V C.to Italiano a squadre femminile"]
[Site "Arvier ITA"]
[Date "2012.05.01"]
[Round "5"]
[White "Miracola, Giorgia"]
[Black "Zimina, Olga"]
[Result "0-1"]
[WhiteElo "1796"]
[BlackElo "2327"]
[PlyCount "60"]
[EventDate "2012.04.28"]

1. e4 e5 2. Nf3 Nc6 3. Bc4 Bc5 4. c3 Nf6 5. d3 O-O 6. O-O d5 7. exd5 Nxd5 8.
Nbd2 Bg4 9. Ne4 Be7 10. b4 Bh5 11. Re1 a6 12. a4 Kh8 13. Bb2 Bg6 14. b5 axb5
15. axb5 Na5 16. Nxe5 Nxc4 17. dxc4 Rxa1 18. Qxa1 Nf4 19. Nxg6+ hxg6 20. Bc1
Ne2+ 21. Kf1 Nxc1 22. Qxc1 Qd3+ 23. Kg1 Qxc4 24. Nd2 Qc5 25. c4 Rd8 26. Nb3 Qb4
27. Qe3 Bg5 28. Qh3+ Kg8 29. Rb1 Qxc4 30. Na5 Qa2 0-1

[Event "V C.to Italiano a squadre femminile"]
[Site "Arvier ITA"]
[Date "2012.05.01"]
[Round "5"]
[White "Ravazzolo, Gaia"]
[Black "Gueci, Tea"]
[Result "0-1"]
[WhiteElo "1701"]
[BlackElo "1910"]
[PlyCount "80"]
[EventDate "2012.04.28"]

1. d4 Nf6 2. c4 c5 3. d5 e6 4. Nc3 exd5 5. cxd5 d6 6. e4 g6 7. Bb5+ Nfd7 8. Bf4
a6 9. Bxd7+ Nxd7 10. Qa4 Rb8 11. a3 b5 12. Qc2 Qe7 13. Nf3 Bg7 14. O-O O-O 15.
Rfe1 Re8 16. h3 Bb7 17. Rac1 c4 18. Bg5 Qf8 19. Be3 Bh6 20. Rcd1 Bxe3 21. Rxe3
Nc5 22. Ne1 Bc8 23. Qe2 f5 24. exf5 Bxf5 25. Qd2 a5 26. Rxe8 Qxe8 27. Ne2 Nb3
28. Qe3 Qxe3 29. fxe3 b4 30. g4 Bd7 31. Ng3 bxa3 32. bxa3 Ba4 33. Rb1 Re8 34.
Kf2 c3 35. Ne2 Rc8 36. Nc2 Nd2 37. Rc1 Bb3 38. Ned4 Bxd5 39. Nb5 Ne4+ 40. Ke2
Bc4+ 0-1

[Event "V C.to Italiano a squadre femminile"]
[Site "Arvier ITA"]
[Date "2012.05.01"]
[Round "5"]
[White "Revello, Beatrice"]
[Black "Di Crescenzo, Linda"]
[Result "1-0"]
[WhiteElo "1674"]
[BlackElo "1441"]
[PlyCount "61"]
[EventDate "2012.04.28"]

1. d4 d5 2. Nf3 Nf6 3. e3 e6 4. Bd3 Bd6 5. b3 Nbd7 6. Bb2 c5 7. Nbd2 b6 8. O-O
Bb7 9. Ne5 O-O 10. f4 Rc8 11. Qf3 Qc7 12. Qh3 Rfe8 13. Ndf3 h6 14. g4 Ne4 15.
Bb5 Bxe5 16. Nxe5 Re7 17. Bxd7 Rb8 18. Bb5 a6 19. Bd3 cxd4 20. Rac1 Rf8 21. Nf3
Nd6 22. g5 f6 23. gxh6 gxh6 24. Qxh6 Rff7 25. Kh1 Ne8 26. Rg1+ Rg7 27. Rxg7+
Nxg7 28. Rg1 Rf7 29. Qh7+ Kf8 30. Qh8+ Ke7 31. Rxg7 1-0

[Event "V C.to Italiano a squadre femminile"]
[Site "Arvier ITA"]
[Date "2012.05.01"]
[Round "5"]
[White "Costantini, Laura"]
[Black "Reginato, Sabrina"]
[Result "1-0"]
[WhiteElo "2049"]
[BlackElo "1991"]
[PlyCount "95"]
[EventDate "2012.04.28"]

1. e4 c6 2. Nf3 d5 3. Nc3 dxe4 4. Nxe4 Nd7 5. Bc4 Ngf6 6. Neg5 Nd5 7. d4 h6 8.
Ne4 e6 9. O-O Be7 10. Qe2 O-O 11. Ne5 Qc7 12. f4 N7f6 13. Kh1 b6 14. c3 c5 15.
Bd3 Bb7 16. Nxf6+ Nxf6 17. f5 exf5 18. Rxf5 Rad8 19. Bf4 Qc8 20. Ng4 Nxg4 21.
Qxg4 Qc6 22. Be5 Qg6 23. Qxg6 fxg6 24. Rxf8+ Rxf8 25. Kg1 Kh7 26. Re1 Bg5 27.
Bc4 Re8 28. Bg3 Rxe1+ 29. Bxe1 Be7 30. Bd3 Bc8 31. Kf2 Be6 32. b3 Bf7 33. Ke2
Kg8 34. Ba6 Bd6 35. Bg3 Bxg3 36. hxg3 Bd5 37. Kf2 Kf7 38. c4 Bc6 39. a3 Ke7 40.
b4 Kd6 41. b5 Bd7 42. Bb7 Be6 43. a4 Bxc4 44. Be4 g5 45. Ke3 Bd5 46. a5 c4 47.
Bxd5 Kxd5 48. axb6 1-0

[Event "V C.to Italiano a squadre femminile"]
[Site "Arvier ITA"]
[Date "2012.05.01"]
[Round "5"]
[White "Kachiani-Gersinska, Ketino"]
[Black "Panella, Fiammetta"]
[Result "1-0"]
[WhiteElo "2319"]
[BlackElo "2013"]
[PlyCount "97"]
[EventDate "2012.04.28"]

1. d4 d5 2. c4 c6 3. Nf3 Nf6 4. e3 Bf5 5. Nc3 e6 6. Nh4 Bg6 7. Be2 Nbd7 8. g3
Qc7 9. O-O Be7 10. a3 Nb6 11. c5 Nbd7 12. Nxg6 hxg6 13. f4 O-O 14. Qc2 b5 15.
Bd2 a5 16. b4 axb4 17. axb4 Ra7 18. Ra2 Rfa8 19. Rfa1 Rxa2 20. Rxa2 Rxa2 21.
Qxa2 Qb7 22. Bf3 Nb8 23. Qa5 Nbd7 24. g4 Kf8 25. Be1 Nb8 26. g5 Ne8 27. Be2 Qa6
28. Qxa6 Nxa6 29. Nxb5 cxb5 30. Bxb5 Nb8 31. Ba4 f6 32. h4 Bd8 33. h5 gxh5 34.
g6 e5 35. f5 exd4 36. exd4 Bc7 37. b5 Ke7 38. Kg2 Bf4 39. Kf3 Bh2 40. b6 Bg1
41. Bg3 Bxd4 42. Bxb8 Bxc5 43. Bxe8 Kxe8 44. b7 Kd7 45. Bf4 Ba7 46. b8=Q Bxb8
47. Bxb8 Kc6 48. Ba7 Kb5 49. Bd4 1-0